000 00916nab a2200241 4500
001 216219547
003 UA-OsUOA
005 20201029111640.0
007 ta
008 201029c2020 un |||p| |||| 00| c ukr d
040 _aUA-OsUOA
_bukr
_cUA-OsUOA
_dUA-OsUOA
041 _aukr
080 _a82
090 _a82
_bС40
100 _aСірук В.
245 _aПроза Лесі Українки: мистецькі контексти, інтерпритації
_cВікторія Сірук
260 _aК.
_bТОВ "Редакція журналу "Довослово"
_c2020
300 _aС. 52–60.
650 _2UDC
_a82 Література. Літературознавство
773 0 _0322336
_9461241
_aМіністерство освіти і науки України
_dК. 2020
_o216219546
_tДивослово
_w(UA-OsUOA) 36068
_x01305263
_g№ 10 (763)
942 _2udc
_cSA
955 _a2
999 _c463686
_d463686